000 00647nam a2200169Ia 4500
008 140609s9999 xx 000 0 und d
020 _a9780760958629
050 _aLB 1139.4
_b.B854 2010
245 _aBrigance early childhood screen II :
_b3-5 years /
_c[Compiled from the BRIGANCE Preschool Screen-II and the BRIGANCE K&1 Screen-II by Albert H. Brigance]
260 _aNorth Billerica, MA :
_bCurriculum Associates,
_cc2010.
300 _a122 p. :
_bcol. ill. ;
_c26x30 cm.
500 _aIncludes appendices and bibliographical references.
521 _aGE
650 _aReadiness for school
_xTesting.
942 _kFOR
_cBK
999 _c118067
_d118067